[Event "AUTO-ELITE-233"]
[Site "http://www.queenalice.com/game.php?id=549307"]
[Date "2009.3.2"]
[Round "2"]
[White "remy250"]
[Black "patoche"]
[Result "1-0"]
[WhiteElo "2463"]
[BlackElo "2544"]

1. e4 Nc6 2. Nf3 e5 3. Bb5 a6 4. Ba4 Nf6 5. O-O Be7 6. Re1 b5 7. Bb3 d6 8. c3
O-O 9. h3 Nd7 10. d4 Bf6 11. a4 Bb7 12. Na3 exd4 13. cxd4 Re8 14. axb5 axb5 15.
Bf4 Na5 16. Bc2 b4 17. Nb5 Nf8 18. Qd2 Ne6 19. Bg3 Qd7 20. Qxb4 c5 21. Qa3 cxd4
22. Qb4 d3 23. Bxd3 Nc5 24. Bc2 Nc6 25. Qc4 Rxa1 26. Rxa1 Ne5 27. Nxe5 Bxe5 28.
Bxe5 Rxe5 29. Nc3 Qe8 30. f3 Qb8 31. b4 Ne6 32. Bb3 Rg5 33. f4 Rh5 34. Nd5 Bxd5
35. exd5 Nf8 36. b5 Qb6+ 37. Kh2 1-0

[Event "AUTO-ELITE-233"]
[Site "http://www.queenalice.com/game.php?id=549308"]
[Date "2009.3.2"]
[Round "2"]
[White "patoche"]
[Black "remy250"]
[Result "0-1"]
[WhiteElo "2485"]
[BlackElo "2473"]

1. e4 c5 2. Nf3 Nc6 3. Nc3 g6 4. d4 cxd4 5. Nxd4 Bg7 6. Be3 Nf6 7. Be2 d6 8. O-O
O-O 9. f4 Bd7 10. Bf3 Rc8 11. Nb3 Re8 12. h3 Qc7 13. Qd2 Na5 14. Nxa5 Qxa5 15.
Qf2 Rc4 16. Bxa7 Bc6 17. e5 dxe5 18. Bxc6 Rxc6 19. fxe5 b6 20. Qf3 Rec8 21. exf6
Bxf6 22. Nd5 Qxa7 23. c3 Rd6 24. Rae1 Rf8 25. a3 b5+ 26. Kh1 Kg7 27. Nxf6 exf6
28. Rf2 Rfd8 29. Ref1 Qb6 30. Qf4 Re6 31. Qf3 Rd7 32. Re2 Re5 33. Ref2 Rd6 34.
Qg3 Re3 35. Qg4 h5 36. Qf4 Rde6 37. Rf3 R3e4 0-1

[Event "Challenge"]
[Site "http://www.queenalice.com/game.php?id=586633"]
[Date "2009.5.11"]
[Round "-"]
[White "remy250"]
[Black "Cerberus"]
[Result "1/2-1/2"]
[WhiteElo "2509"]
[BlackElo "2469"]

1. e4 c5 2. Nf3 Nc6 3. d4 cxd4 4. Nxd4 Nf6 5. Nc3 e5 6. Ndb5 d6 7. Bg5 a6 8. Na3
b5 9. Nd5 Be7 10. Bxf6 Bxf6 11. c3 O-O 12. Nc2 Bg5 13. a4 bxa4 14. Rxa4 a5 15.
Bc4 Rb8 16. b3 Kh8 17. Nce3 g6 18. O-O f5 19. Qd3 Be6 20. f3 Qd7 21. Kh1 Qb7 22.
exf5 gxf5 23. h3 Qg7 24. Ra2 Qh6 25. Kh2 Rf7 26. Kg1 Re8 27. Raf2 e4 28. fxe4
fxe4 29. Qe2 Rxf2 30. Rxf2 Ne5 31. Nf5 Bxf5 32. Rxf5 Qg6 33. Rf1 e3 34. Ba6 Qe4
35. Nf6 Bxf6 36. Rxf6 Ng6 37. Bb5 Re5 38. Ba6 d5 39. g3 Re7 40. Rf3 Qb1+ 41. Kg2
Qc1 42. Bd3 Qxc3 43. Rxe3 Rxe3 44. Qxe3 Qxb3 45. Qe8+ Kg7 46. Bxg6 Qb2+ 47. Kh1
1/2-1/2

[Event "AUTO-ELITE-264"]
[Site "http://www.queenalice.com/game.php?id=590667"]
[Date "2009.5.19"]
[Round "2"]
[White "QuickQuickSlow"]
[Black "remy250"]
[Result "1/2-1/2"]
[WhiteElo "2430"]
[BlackElo "2496"]

1. e4 c5 2. Nf3 Nc6 3. d4 cxd4 4. Nxd4 Nf6 5. Nc3 e5 6. Ndb5 d6 7. Bg5 a6 8. Na3
b5 9. Bxf6 gxf6 10. Nd5 f5 11. Bd3 Be6 12. O-O Bxd5 13. exd5 Ne7 14. c3 Bg7 15.
Qh5 e4 16. Be2 O-O 17. Nc2 Qd7 18. Rad1 f4 19. Nd4 Rae8 20. Qg5 Ng6 21. Bg4 Qc7
22. Nc6 e3 23. fxe3 Rxe3 24. Qf5 Qb6 25. Kh1 Qc5 26. h4 Nxh4 27. Qxf4 Kh8 28.
Qf2 Ng6 29. a3 Rfe8 30. Qxf7 R3e4 31. Qd7 Qe3 32. Bh3 Nf4 33. Rf3 Qe2 34. Rdf1
Nxh3 35. Qxh3 Qxb2 36. Qd7 Qd2 37. Qxd6 Rh4+ 38. Kg1 Rg4 39. Rf8+ 1/2-1/2

[Event "AUTO-ELITE-264"]
[Site "http://www.queenalice.com/game.php?id=590668"]
[Date "2009.5.19"]
[Round "2"]
[White "remy250"]
[Black "QuickQuickSlow"]
[Result "1-0"]
[WhiteElo "2489"]
[BlackElo "2448"]

1. e4 c5 2. Nf3 d6 3. d4 cxd4 4. Nxd4 Nf6 5. Nc3 a6 6. f3 e6 7. Be3 b5 8. Qd2
Nbd7 9. g4 Nb6 10. a4 Nc4 11. Bxc4 bxc4 12. g5 Nd7 13. f4 Qc7 14. f5 Ne5 15. O-O
Be7 16. Qg2 Bd8 17. Qh3 exf5 18. Nxf5 Bxf5 19. exf5 Qc6 20. Qg2 O-O 21. Qxc6
Nxc6 22. Rad1 Nb4 23. Rd2 Re8 24. Bf4 Ra7 25. Kg2 Rb7 26. Kf3 Bc7 27. Rfd1 Bb8
28. f6 Nc6 29. Ne4 d5 30. Rxd5 Bxf4 31. Kxf4 Rb4 32. Nd6 Rf8 33. Kf3 g6 34. Rc5
1-0

[Event "Challenge"]
[Site "http://www.queenalice.com/game.php?id=599658"]
[Date "2009.6.7"]
[Round "-"]
[White "remy250"]
[Black "Tecodamara"]
[Result "1-0"]
[WhiteElo "2495"]
[BlackElo "2460"]

1. e4 c5 2. Nf3 e6 3. d4 cxd4 4. Nxd4 Nf6 5. Nc3 Nc6 6. Nxc6 bxc6 7. e5 Nd5 8.
Ne4 f5 9. exf6 Nxf6 10. Nd6+ Bxd6 11. Qxd6 Ba6 12. Bxa6 Qa5+ 13. Bd2 Qxa6 14.
Bb4 O-O-O 15. a3 Nd5 16. O-O-O Nxb4 17. Qxb4 Qb6 18. Qe4 Rhf8 19. f4 g6 20. Rd2
Rf5 21. g3 Rd5 22. Rxd5 cxd5 23. Qe5 Qf2 24. Kb1 Kb7 25. Qg7 1-0

[Event "Challenge"]
[Site "http://www.queenalice.com/game.php?id=599659"]
[Date "2009.6.7"]
[Round "-"]
[White "Tecodamara"]
[Black "remy250"]
[Result "0-1"]
[WhiteElo "2453"]
[BlackElo "2502"]

1. Nf3 Nf6 2. c4 c6 3. d4 d5 4. e3 Bf5 5. Bd3 Bxd3 6. Qxd3 e6 7. O-O Nbd7 8.
Nbd2 Be7 9. e4 dxe4 10. Nxe4 O-O 11. Bf4 Nxe4 12. Qxe4 Qa5 13. Rfe1 Rfd8 14. a3
Qa4 15. Rac1 Rac8 16. Rc3 Bf6 17. Ne5 Nf8 18. h4 Bxh4 19. Bh6 Bf6 20. Rg3 Qa5
21. b4 Qc7 22. Bf4 Qe7 23. Be3 Ng6 0-1

[Event "AUTO-ELITE-274"]
[Site "http://www.queenalice.com/game.php?id=605079"]
[Date "2009.6.17"]
[Round "2"]
[White "remy250"]
[Black "biscuter"]
[Result "1-0"]
[WhiteElo "2538"]
[BlackElo "2460"]

1. e4 e5 2. Nf3 Nf6 3. d4 Nxe4 4. Bd3 d5 5. Nxe5 Nd7 6. Nxd7 Bxd7 7. O-O Bd6 8.
Nc3 Nxc3 9. bxc3 O-O 10. Qh5 f5 11. Re1 c6 12. Bd2 Qf6 13. Qf3 Rae8 14. Bf4 Re4
15. Bxd6 Rxe1+ 16. Rxe1 Qxd6 17. a4 b6 18. h4 h6 19. Re5 Qa3 20. Qf4 Rf7 21. Re3
Qxa4 22. Qb8+ Kh7 23. Qd6 Kg8 24. Kh2 c5 25. Qxd5 Bc6 26. Qd8+ Rf8 27. Qd6 Be4
28. Qe6+ Kh8 29. Rxe4 fxe4 30. Qxe4 Kg8 31. Qh7+ Kf7 32. Bg6+ Kf6 33. Bh5 Qc4
34. Qg6+ Ke7 35. Qxg7+ Rf7 36. Qe5+ Qe6 37. Qc7+ Kf8 38. Bxf7 Qxf7 39. Qd6+ Kg7
40. dxc5 Qxf2 41. Qd4+ Qxd4 42. cxd4 bxc5 43. dxc5 Kf7 44. c6 Ke7 45. g4 a5 46.
c7 Kd7 47. g5 hxg5 48. h5 1-0

[Event "AUTO-ELITE-274"]
[Site "http://www.queenalice.com/game.php?id=605080"]
[Date "2009.6.17"]
[Round "2"]
[White "biscuter"]
[Black "remy250"]
[Result "0-1"]
[WhiteElo "2459"]
[BlackElo "2520"]

1. d4 Nf6 2. c4 g6 3. Nc3 Bg7 4. e4 d6 5. f3 O-O 6. Be3 Nbd7 7. Nge2 c5 8. Qd2
a6 9. O-O-O cxd4 10. Nxd4 Ne5 11. Kb1 Bd7 12. g4 Rc8 13. b3 b5 14. cxb5 Nxf3 15.
Nxf3 Rxc3 16. Qxc3 Nxe4 17. Qc2 Nc3+ 18. Kc1 Qa5 19. Bd4 Rc8 20. Bc4 Nxd1 21. b6
Bxd4 22. b7 Ne3 23. bxc8=Q+ Bxc8 24. Qd2 Qa3+ 25. Kb1 Bf6 26. Rc1 Bxg4 27. Nd4
Bg5 28. Qf2 d5 29. Bd3 Nc4 30. Rc2 Be3 31. Qg3 Nd2+ 32. Rxd2 Bxd2 33. Qc7 Bg5
0-1

[Event "AUTO-ELITE-264"]
[Site "http://www.queenalice.com/game.php?id=619654"]
[Date "2009.7.16"]
[Round "3"]
[White "Mirok"]
[Black "remy250"]
[Result "0-1"]
[WhiteElo "2396"]
[BlackElo "2533"]

1. Nf3 Nf6 2. c4 c5 3. b3 e6 4. Bb2 Nc6 5. e3 d5 6. Bd3 Bd6 7. Bxf6 Qxf6 8. Nc3
dxc4 9. Ne4 Qe7 10. Nxd6+ Qxd6 11. Bxc4 b6 12. O-O O-O 13. Qc2 Bb7 14. Ng5 g6
15. Rad1 Ne5 16. Be2 Rad8 17. d4 cxd4 18. Rxd4 Qe7 19. Rxd8 Rxd8 20. f4 h6 21.
Nxf7 Nxf7 22. Qxg6+ Kf8 23. Bh5 Rd2 24. Rf2 Rd7 25. f5 exf5 26. Qxf5 Rc7 27. Qf4
Rc1+ 28. Rf1 Rxf1+ 29. Kxf1 Kg7 30. Bf3 Bxf3 31. gxf3 Ng5 32. Qd4+ Qf6 33. Qd7+
Qf7 34. Qd4+ Kg6 35. Qd6+ Qe6 0-1

[Event "AUTO-ELITE-264"]
[Site "http://www.queenalice.com/game.php?id=619655"]
[Date "2009.7.16"]
[Round "3"]
[White "remy250"]
[Black "Mirok"]
[Result "1-0"]
[WhiteElo "2508"]
[BlackElo "2398"]

1. e4 d6 2. d4 Nf6 3. Nc3 g6 4. f4 Bg7 5. Nf3 O-O 6. Bd3 Nc6 7. e5 dxe5 8. fxe5
Ng4 9. Be4 f6 10. h3 Nh6 11. Bd5+ Kh8 12. exf6 Rxf6 13. Bg5 Rd6 14. Bxc6 bxc6
15. O-O Nf5 16. Bf4 Nxd4 17. Bxd6 Nxf3+ 18. Qxf3 cxd6 19. Qxc6 Bd7 20. Qb7 Rb8
21. Qxa7 Rxb2 22. Nd5 Rb5 23. Rad1 Ra5 24. Qe3 Be5 25. Qe1 1-0

[Event "AUTO-ELITE-264"]
[Site "http://www.queenalice.com/game.php?id=619656"]
[Date "2009.7.16"]
[Round "3"]
[White "Pollyanna"]
[Black "remy250"]
[Result "0-1"]
[WhiteElo "2417"]
[BlackElo "2527"]

1. b3 d5 2. Bb2 c5 3. Nf3 Nf6 4. e3 e6 5. Ne5 Be7 6. Bb5+ Nbd7 7. O-O O-O 8. f4
Nxe5 9. fxe5 Nd7 10. Bd3 Qc7 11. Qg4 h6 12. Qg3 a6 13. a4 b6 14. c4 Bb7 15. cxd5
Bxd5 16. Bc2 Bc6 17. d4 b5 18. Nc3 bxa4 19. Nxa4 Bxa4 20. Rxa4 cxd4 21. Rxd4
Qxc2 22. Rxd7 Bb4 23. Qf4 Qxb2 24. Qxb4 a5 25. Qb5 Rac8 0-1

[Event "AUTO-ELITE-264"]
[Site "http://www.queenalice.com/game.php?id=619657"]
[Date "2009.7.16"]
[Round "3"]
[White "remy250"]
[Black "Pollyanna"]
[Result "1-0"]
[WhiteElo "2514"]
[BlackElo "2415"]

1. e4 e6 2. d4 d5 3. Nc3 Nf6 4. Bg5 dxe4 5. Nxe4 Be7 6. Bxf6 Bxf6 7. Nf3 O-O 8.
Qd2 Nd7 9. O-O-O b6 10. Bc4 c6 11. h4 Bb7 12. Nfg5 Be7 13. Qd3 h6 14. Kb1 Re8
15. Nxf7 Kxf7 16. Bxe6+ Kf8 17. Bb3 Nf6 18. Ng5 1-0

[Event "Challenge"]
[Site "http://www.queenalice.com/game.php?id=663792"]
[Date "2009.10.6"]
[Round "-"]
[White "remy250"]
[Black "cro_kramnik"]
[Result "1/2-1/2"]
[WhiteElo "2542"]
[BlackElo "2471"]

1. e4 e6 2. d4 d5 3. Nc3 Bb4 4. e5 c5 5. a3 Bxc3+ 6. bxc3 Ne7 7. Qg4 O-O 8. Bd3
f5 9. exf6 Rxf6 10. Bg5 Rf7 11. Qh5 g6 12. Qd1 Qa5 13. Bd2 Nbc6 14. Nf3 Qc7 15.
dxc5 e5 16. Be2 Bg4 17. Ng5 Bxe2 18. Qxe2 Rf6 19. O-O h6 20. Nf3 Nf5 21. h3 e4
22. Nh2 h5 23. Rad1 Rf7 24. Bg5 Qe5 25. Rfe1 Re8 26. Nf1 Ng3 27. Nxg3 Qxg5 28.
Qe3 Qxe3 29. Rxe3 h4 30. Nf1 Re5 31. Re2 Rc7 32. Ne3 Ne7 33. c4 dxc4 34. Ng4
Rexc5 35. Nf6+ Kf7 36. Nxe4 Rd5 37. Rxd5 Nxd5 38. Nd6+ Kf8 39. Re4 Nc3 40. Re3
Nd5 41. Re8+ Kg7 42. Rb8 Rd7 43. Rxb7 Rxb7 44. Nxb7 Kf6 45. Na5 Ke5 46. Nxc4+
Kd4 47. Nd2 Kc3 48. Nf3 Kxc2 49. Nxh4 Ne7 50. f4 1/2-1/2

[Event "Challenge"]
[Site "http://www.queenalice.com/game.php?id=663793"]
[Date "2009.10.6"]
[Round "-"]
[White "cro_kramnik"]
[Black "remy250"]
[Result "1/2-1/2"]
[WhiteElo "2472"]
[BlackElo "2541"]

1. Nf3 Nf6 2. c4 c6 3. g3 d5 4. Bg2 g6 5. Qa4 Bg7 6. cxd5 Nxd5 7. O-O O-O 8. d4
Na6 9. Nc3 Bf5 10. Nxd5 Qxd5 11. Rd1 Be4 12. Bf4 Rfd8 13. h4 Rd7 14. Rac1 Rad8
15. Kh2 h6 16. Be3 Qe6 17. Bh3 f5 18. Ne5 Bxe5 19. dxe5 Qxe5 20. Rxd7 Rxd7 21.
Rc3 Kh7 22. Bxa7 e6 23. Be3 Nc7 24. Bf4 Qf6 25. Bxc7 Rxc7 26. Bg2 Bd5 27. Qb4
Qe7 28. Qa5 Rd7 29. Qa4 Qf6 30. Bxd5 exd5 31. e3 g5 32. hxg5 hxg5 33. Kg1 Kg6
34. Qa7 Rh7 35. Qb8 Qe6 36. Rc1 Qe4 37. Qg8+ Rg7 38. Qf8 f4 39. Re1 fxg3 40.
Qd6+ Kh5 41. Qxg3 Rf7 42. Re2 g4 43. Rd2 Rf3 44. Qb8 g3 45. Qh8+ Kg6 46. Qg8+
Kh6 47. Qh8+ Qh7 48. Qxh7+ Kxh7 49. fxg3 Rxe3 50. Kf2 1/2-1/2

[Event "Challenge"]
[Site "http://www.queenalice.com/game.php?id=666078"]
[Date "2009.10.12"]
[Round "-"]
[White "remy250"]
[Black "Tecodamara"]
[Result "1/2-1/2"]
[WhiteElo "2547"]
[BlackElo "2482"]

1. e4 c5 2. Nf3 d6 3. d4 cxd4 4. Nxd4 Nf6 5. Nc3 a6 6. Bg5 e6 7. f4 h6 8. Bh4
Be7 9. Qf3 Nbd7 10. O-O-O Qc7 11. Be2 b5 12. Bxf6 Nxf6 13. e5 Bb7 14. Qg3 dxe5
15. fxe5 Nd5 16. Nxe6 fxe6 17. Qg6+ Kd7 18. Bg4 Qxe5 19. Nxd5 Qg5+ 20. Qxg5
Bxg5+ 21. Kb1 Bxd5 22. Rxd5+ Kc6 23. Re5 Rhe8 24. Bf3+ Kd6 25. Rhe1 Rad8 26. Bg4
Kc7 27. R5e2 Rd2 28. Rxd2 Bxd2 29. Re2 Bg5 30. Bxe6 Kd6 31. Bg4 Rxe2 32. Bxe2
Kc5 33. c3 a5 34. Kc2 Bf6 35. a3 b4 36. cxb4+ axb4 37. a4 Be5 38. h3 Kb6 39. b3
Ka5 40. Kd3 Bf6 41. Bh5 Bc3 42. Bf7 1/2-1/2

[Event "Challenge"]
[Site "http://www.queenalice.com/game.php?id=666079"]
[Date "2009.10.12"]
[Round "-"]
[White "Tecodamara"]
[Black "remy250"]
[Result "0-1"]
[WhiteElo "2489"]
[BlackElo "2540"]

1. e4 c5 2. Nf3 Nc6 3. d4 cxd4 4. Nxd4 d6 5. Nc3 Nf6 6. Bg5 e6 7. Qd2 a6 8. f3
Bd7 9. O-O-O b5 10. Nxc6 Bxc6 11. Ne2 Be7 12. h4 Bb7 13. g4 h6 14. Bxf6 Bxf6 15.
Qxd6 Qxd6 16. Rxd6 Ke7 17. Rd1 g5 18. h5 b4 19. Kb1 Rhd8 20. Bg2 a5 21. Nc1 Ba6
22. Rhe1 Be5 23. Nd3 Bxd3 24. Rxd3 Rxd3 25. cxd3 Rc8 26. Rc1 Rxc1+ 27. Kxc1 Bd4
28. Kc2 Kf6 29. Kb3 Ke5 30. Ka4 Kf4 31. Kxa5 Kg3 32. Bf1 Kxf3 33. Kxb4 Bxb2 34.
a4 Kxg4 0-1

[Event "Challenge"]
[Site "http://www.queenalice.com/game.php?id=678687"]
[Date "2009.11.6"]
[Round "-"]
[White "remy250"]
[Black "PeterCamargo"]
[Result "1-0"]
[WhiteElo "2546"]
[BlackElo "2458"]

1. e4 c5 2. Nf3 Nc6 3. d4 cxd4 4. Nxd4 Nf6 5. Nc3 e6 6. Nxc6 bxc6 7. e5 Nd5 8.
Ne4 Qc7 9. f4 Qa5+ 10. Bd2 Qb6 11. Bd3 Be7 12. Qe2 Rb8 13. b3 O-O 14. h4 Bb7 15.
c4 Ba6 16. Ng5 h6 17. Rd1 f6 18. Nh7 Rfe8 19. cxd5 Bxd3 20. Qxd3 exd5 21. Qg6 c5
22. f5 fxe5 23. h5 d4 24. g4 Qxg6 25. hxg6 Rb6 26. g5 hxg5 27. Bxg5 Bxg5 28.
Nxg5 Rf8 29. Nf7 Rxf7 30. gxf7+ Kxf7 31. Rd2 c4 32. bxc4 Rb1+ 33. Rd1 1-0

[Event "Challenge"]
[Site "http://www.queenalice.com/game.php?id=678688"]
[Date "2009.11.6"]
[Round "-"]
[White "PeterCamargo"]
[Black "remy250"]
[Result "1/2-1/2"]
[WhiteElo "2464"]
[BlackElo "2554"]

1. d4 Nf6 2. Nf3 g6 3. c4 Bg7 4. Nc3 d6 5. e4 O-O 6. Be2 e5 7. O-O Nc6 8. d5 Ne7
9. Qc2 Nh5 10. Ne1 Nf4 11. f3 f5 12. Nd3 g5 13. Be3 Neg6 14. c5 Nxe2+ 15. Qxe2
Nf4 16. Qd2 b6 17. cxd6 Qxd6 18. Rfd1 fxe4 19. Nxe4 Qxd5 20. Qc2 Qf7 21. Nxg5
Qf5 22. Ne4 Bb7 23. Nxf4 exf4 24. Bd4 Bxe4 25. fxe4 Qf7 26. Rd3 Bxd4+ 27. Rxd4
Rad8 28. Rad1 Rxd4 29. Rxd4 f3 30. Rd3 fxg2 31. Rg3+ Kh8 32. Qc3+ Qf6 33. b4
Qxc3 34. Rxc3 Re8 35. Rxc7 1/2-1/2

[Event "Challenge"]
[Site "http://www.queenalice.com/game.php?id=678692"]
[Date "2009.11.6"]
[Round "-"]
[White "remy250"]
[Black "mister"]
[Result "1/2-1/2"]
[WhiteElo "2543"]
[BlackElo "2475"]

1. e4 c5 2. Nf3 d6 3. d4 cxd4 4. Nxd4 Nf6 5. Nc3 a6 6. f3 e5 7. Nb3 Be6 8. Be3
Be7 9. Qd2 O-O 10. O-O-O Nbd7 11. g4 b5 12. g5 Nh5 13. Nd5 Bxd5 14. exd5 Qc7 15.
Na5 Nb8 16. Kb1 Bd8 17. Nb3 Nd7 18. Qb4 Nb6 19. Na5 Re8 20. Bxb6 Qxb6 21. Nc6
Qc7 22. h4 Nf4 23. Bh3 g6 24. Bg4 Kg7 25. Qe4 a5 26. Rh2 a4 27. a3 Ra6 28. Rc1
Kg8 29. Rch1 Rxc6 30. dxc6 d5 31. Qe3 Qxc6 32. h5 Re7 33. Rd1 Ba5 34. hxg6 fxg6
35. c3 Bb6 36. Qd2 Bd8 37. Re1 Re8 38. Reh1 Re7 39. Bh3 Rf7 40. Qe3 Qe8 41. Rg1
Qe7 42. Rd1 Qe8 43. Bf1 Rb7 44. Rg2 Nxg2 45. Bxg2 Qe6 46. f4 Qf5+ 47. Ka2 d4 48.
Qxe5 Qxe5 49. fxe5 Rb8 50. cxd4 Bxg5 51. Bc6 Bf4 52. Rf1 1/2-1/2

[Event "Challenge"]
[Site "http://www.queenalice.com/game.php?id=678693"]
[Date "2009.11.6"]
[Round "-"]
[White "mister"]
[Black "remy250"]
[Result "1/2-1/2"]
[WhiteElo "2474"]
[BlackElo "2544"]

1. c4 Nf6 2. Nf3 g6 3. g3 Bg7 4. Bg2 O-O 5. Nc3 d6 6. d4 Nbd7 7. O-O e5 8. dxe5
dxe5 9. Be3 c6 10. h3 Qe7 11. Qb3 Nh5 12. Rad1 f5 13. Bg5 Qf7 14. Bc1 Nb6 15.
Ng5 Qxc4 16. Qxc4+ Nxc4 17. Nd5 Bh6 18. Ne7+ Kg7 19. Nxc8 Bxg5 20. Nd6 Nxd6 21.
Bxg5 Nf7 22. Rd7 Rab8 23. Be3 Nf6 24. Re7 Rfe8 25. Rc7 Rec8 26. Re7 Ng8 27. Rd7
a6 28. Rfd1 Nf6 29. Re7 Re8 30. Rc7 e4 31. Ba7 Nd5 32. Bxb8 Rxb8 33. Rd7 Kf6 34.
f3 Ke6 35. Rxf7 Kxf7 36. fxe4 fxe4 37. Bxe4 Nf6 38. Bf3 Ke6 39. Kf2 Re8 40. Rd3
Re7 41. Re3+ Kd6 42. Rxe7 Kxe7 43. Ke3 Nd7 44. Kf4 Kf6 45. Ke4 Nc5+ 46. Kd4 Ne6+
1/2-1/2

[Event "Challenge"]
[Site "http://www.queenalice.com/game.php?id=707404"]
[Date "2010.1.2"]
[Round "-"]
[White "remy250"]
[Black "shogun"]
[Result "1-0"]
[WhiteElo "2552"]
[BlackElo "2632"]

1. e4 c5 2. Nf3 d6 3. d4 cxd4 4. Nxd4 Nf6 5. Nc3 a6 6. f3 e5 7. Nb3 Be6 8. Be3
Be7 9. Qd2 h5 10. Be2 Nbd7 11. Nd5 Nxd5 12. exd5 Bf5 13. O-O h4 14. Na5 Qc7 15.
Rac1 h3 16. g3 O-O 17. c4 Nf6 18. b4 Rad8 19. g4 Bg6 20. Kf2 Nd7 21. Kg3 f5 22.
Kxh3 f4 23. Bg1 Nf6 24. Kg2 Qd7 25. h3 Rf7 26. Rfd1 Qc7 27. Nb3 Qb8 28. a3 Re8
29. c5 e4 30. Nd4 dxc5 31. bxc5 Nxd5 32. Bc4 Rd8 33. Qa2 Nf6 34. Kf1 exf3 35.
Nxf3 Ne4 36. Bd4 Bf6 37. Bxf6 gxf6 38. Qb2 Rxd1+ 39. Rxd1 Qe8 40. Kg1 Kh7 41.
Bxf7 Qxf7 42. Nh4 f3 43. Nxg6 f2+ 44. Kg2 Kxg6 45. Qe2 Qe7 46. Rd5 Kf7 47. Qd3
Ke8 48. Qc4 Ng5 49. Rd6 Kf8 50. Qd4 Qe4+ 51. Qxe4 Nxe4 52. h4 Ke7 53. h5 Nxc5
54. Rb6 Nd3 55. Rxb7+ 1-0

[Event "Challenge"]
[Site "http://www.queenalice.com/game.php?id=707405"]
[Date "2010.1.2"]
[Round "-"]
[White "shogun"]
[Black "remy250"]
[Result "1/2-1/2"]
[WhiteElo "2637"]
[BlackElo "2552"]

1. e4 c5 2. Nf3 Nc6 3. c3 Nf6 4. e5 Nd5 5. d4 cxd4 6. cxd4 d6 7. Bc4 dxe5 8.
dxe5 Be6 9. O-O g6 10. Qe2 Qc7 11. Na3 a6 12. Rd1 Rd8 13. Qe4 Bf5 14. Qe1 Be6
15. Bb3 Bg7 16. Qe4 Ndb4 17. Bd2 Bxb3 18. axb3 Nd3 19. Bc3 Nc5 20. Rxd8+ Nxd8
21. Qc2 O-O 22. b4 Nce6 23. b5 axb5 24. Nxb5 Qd7 25. Qa4 Nc6 26. Rd1 Qc8 27. g3
Rd8 28. Rxd8+ Qxd8 29. Qc4 Qd7 1/2-1/2

[Event "Challenge"]
[Site "http://www.queenalice.com/game.php?id=707641"]
[Date "2010.1.3"]
[Round "-"]
[White "remy250"]
[Black "Caronte"]
[Result "1/2-1/2"]
[WhiteElo "2554"]
[BlackElo "2551"]

1. e4 e5 2. Nf3 Nc6 3. Bb5 a6 4. Ba4 Nf6 5. O-O Be7 6. Re1 b5 7. Bb3 O-O 8. Nc3
d6 9. a4 b4 10. Nd5 Na5 11. Ba2 c5 12. d3 b3 13. Nxe7+ Qxe7 14. Qd2 Qc7 15. Bxb3
Nxb3 16. cxb3 Bg4 17. b4 Bxf3 18. gxf3 Nd7 19. Qc3 Rab8 20. bxc5 dxc5 21. Be3
Qd6 22. Kh1 Rb7 23. Rac1 Rfb8 24. Bxc5 Qf6 25. Ba3 Qxf3+ 26. Kg1 Rb6 27. Re3
Rg6+ 28. Kf1 Qg2+ 29. Ke1 h6 30. Rg3 Qh1+ 31. Ke2 Qxh2 32. Rxg6 Qh5+ 33. Kd2
Qxg6 34. Qc7 Qg4 35. b4 h5 36. f3 Qg2+ 1/2-1/2

[Event "Challenge"]
[Site "http://www.queenalice.com/game.php?id=707642"]
[Date "2010.1.3"]
[Round "-"]
[White "Cerberus"]
[Black "remy250"]
[Result "1-0"]
[WhiteElo "2557"]
[BlackElo "2562"]

1. d4 Nf6 2. c4 g6 3. Nc3 Bg7 4. e4 d6 5. Nf3 O-O 6. Be2 e5 7. O-O exd4 8. Nxd4
Re8 9. f3 Nc6 10. Be3 Nh5 11. Qd2 Nf4 12. Rfd1 Nxd4 13. Bxd4 Bxd4+ 14. Qxd4 a5
15. Bf1 Ne6 16. Qd5 Kg7 17. b3 f6 18. Rac1 Nc5 19. Qd4 Be6 20. Nd5 Bf7 21. Rc3
Ne6 22. Qf2 Nc5 23. a3 Re5 24. Ne3 Qc8 25. b4 Na4 26. Rc2 h5 27. Bd3 c6 28. f4
Re8 29. Qg3 Kh8 30. h4 Qe6 31. e5 Rg8 32. c5 d5 33. Re1 Qe7 34. Rf2 axb4 35.
axb4 f5 36. Nc2 b6 37. e6 Be8 38. cxb6 Rb8 39. Qe3 Rxb6 40. Qd4+ Rg7 41. Qa1 c5
42. b5 c4 43. Qxa4 cxd3 44. Nd4 Qc5 45. Qa1 Kh7 46. Rc1 Qd6 47. Rc8 Rb8 48. Rxb8
Qxb8 49. Qb1 Rb7 50. Qxd3 Bxb5 51. Qa3 Bc4 52. Nf3 Kg8 53. Ne5 1-0